Top 10 Houston Astros Position Players - Statistics

General Stats
  • This quiz has been taken 219 times
  • The average score is 5 of 10
Answer Stats
Position Player % Correct
2b Jose Altuve
99%
SS Carlos Correa
91%
3b Alex Bregman
86%
CF George Springer
81%
1b Yuli Gurriel
60%
RF Josh Reddick
50%
C Brian McCann
29%
OF/SS/1b Marwin Gonzalez
25%
OF Jake Marisnick
21%
LF Derek Fisher
3%
No matching quizzes found
Score Distribution
Percent of People with Each Score
Percentile by Number Answered
Your Score History
You have not taken this quiz